-
Kothari D.P. & Saxena Agshu
Entry Personal Name
Number of records used in: 1
001 - CONTROL NUMBER
003 - CONTROL NUMBER IDENTIFIER
005 - DATE AND TIME OF LATEST TRANSACTION
- control field:
20160615163916.0
008 - FIXED-LENGTH DATA ELEMENTS
- fixed length control field:
160615|| aca||aabn | a|a d
040 ## - CATALOGING SOURCE
- Original cataloging agency:
OSt
- Transcribing agency:
OSt
100 ## - HEADING--PERSONAL NAME
- Personal name:
Kothari D.P. & Saxena Agshu
670 ## - SOURCE DATA FOUND
- Source citation:
Work cat.: (OSt): Kothari D.P. & Saxena Agshu, Hypermedia From Multimedia to virtual realiky, 2004